000 00946nam a22002175i 4500
001 157290
003 ES-MaACL
005 20250809063529.0
008 981016s1865 fr |||| | fre d
040 _aCCPB | B
_bspa
_cCCPB | B
100 1 _aLaurent, Juan Emilio,
_d1830-
_9128742
245 1 3 _aLe paupérisme et les associations de prévoyance
_b: nouvelles études sur les sociétés de secours mutuels /
_cpar Émile Laurent.
250 _a2e. éd. refoundue, considérablement augm. et accompagnée d'une Étude sur les sociétés coopératives ...
260 _aParis :
_bGuillaumin et Cie.,
_c1865 (
_eSaint-Denis :
_ftypographie de A. Moulin)
300 _a2 v. ;
_c22 cm.
650 4 _aPobreza.
_916143
651 4 _aFrancia-
_xSituación social.
_98718
752 _aFrancia -
_dParís
852 _aES-MaACL
_jG-8136-8137
_z-- Enc. hol.
_x-- Edic: Corregir T245: Es pauperisme, no paupenisme
999 _c157290
_d157290